000 00384nam a2200133Ia 4500
008 220217s9999||||xx |||||||||||||| ||und||
020 _a0-07-049506-8
082 _a005.13 VEL
100 _aVelpuri, Rama
_93259
245 0 _aOCP oracle 9i database: fundamentals-II exam guide
260 _aTata mcgraw hill
_bNew Delhi
_c2002
300 _b395
650 _aPROGRAMMING LANGUAGE
999 _c171268
_d171268